000 00929cam a22002651 4500
001 f 14000130
003 DLC
005 20260227111248.0
008 810717s1914 dcuf f000 0 eng
010 _af 14000130
035 _a(OCoLC)7594329
040 _aDLC
_cWLacU
_dWLacU
_dNSbSU
_dDLC
042 _apremarc
043 _an-usm--
050 0 0 _aSH221
_b.C6
100 1 _aCoker, R. E.
_q(Robert Ervin),
_d1876-1967.
245 1 0 _aWater-power development in relation to fishes and mussels of the Mississippi.
_cBy Robert E. Coker.
260 _aWashington,
_bGovt. Print. Off.,
_c1914.
300 _a1 p. l., 28 p.
_bvi pl.
_c23 cm.
410 1 0 _aUnited States.
_bBureau of Fisheries.
_tDoc.
_v805
500 _a"Appendix VIII to the Report of the U. S. Commissioner of Fisheries for 1913."
650 0 _aHydroelectric power plants
_zMississippi River.
651 0 _aKeokuk Dam (Iowa and Illinois)
650 0 _aFishways.
999 _c23220
_d23220